Fidelio

Bibliographic Details
Main Author: Beethoven, Ludwig van, 1770-1827 (Composer)
Corporate Authors: Zbor Nemeckej štátnej opery (Berlín, Nemecko) (Performer), Berliner Philharmoniker (Berlín, Nemecko) (Performer)
Other Authors: Sonnleithner, Joseph (Librettist), Treitschke, Friedrich (Librettist), Laubenthal, Horst (Singer), Donath, Helen (Singer), Ridderbusch, Karl (Singer), Dernesch, Helga (Singer), Kélémen, Zoltan (Singer), Vickers, Jon (Singer), Dam, José van (Singer), Hollweg, Werner (Singer), Frese, Siegfried Rudolf (Singer), Karajan, Herbert von, 1908-1989 (Conductor), Hagen-Groll, Walter (Conductor)
Format: CD Audio
Language:German
PhysicalDescription:3 gramofónové platne 30 cm brožovaná príloha
Published: [Praha ] Supraphon [1977]
Subjects:

MARC

LEADER 00000njm a2200000 4500
001 vtls012014088
003 SK-MaSNL
005 20260331212422.0
007 sd bszg p
008 210928s1977 xr opz g 0 0 ger
028 1 3 |a E 3963/A B  |b Supraphon  |q (1. strana) 
028 1 3 |a E 3964/A B  |b Supraphon  |q (2. strana) 
028 0 1 |a 1 12 2062  |b Supraphon  |q (2. platňa) 
028 0 1 |a 1 12 2062  |b Supraphon  |q (3. platňa) 
028 1 3 |a E 3965/D A  |b Supraphon  |q (3. strana) 
028 1 3 |a E 3966/A B  |b Supraphon  |q (4. strana) 
028 1 3 |a E 3967/A C  |b Supraphon  |q (5. strana) 
028 1 3 |a E 3968/A B  |b Supraphon  |q (6. strana) 
028 0 1 |a 1 12 2061  |b Supraphon  |q (1. platňa) 
040 |a SNK  |b slo  |c SNK  |e rda 
041 0 |a ger 
044 |a xr  |c CZ 
072 7 |a 782  |x Divadelná hudba. Opera, opereta, muzikál  |2 konspekt 
080 |a 782  |2 2011 
080 |a (086.72)  |2 2011 
100 1 |a Beethoven, Ludwig van,  |d 1770-1827  |4 cmp  |9 106879 
245 0 0 |a Fidelio  |c Ludwig van Beethoven 
264 1 |a [Praha ]  |b Supraphon  |c [1977] 
264 4 |c Ⓟ1977 
300 |a 3 gramofónové platne  |c 30 cm  |e brožovaná príloha 
336 |a hraná hudba  |b prm  |2 rdacontent 
337 |a audio  |b s  |2 rdamedia 
338 |a iný  |b z  |2 rdacarrier 
340 |a vinyl  |a rda 
344 |a analog  |c 33 ot/min  |g stereo  |2 rda 
500 |a Názov prevzatý z obalu 
500 |a Miesto vydania podľa vydavateľa 
500 |a Súbor 3 platní uložených v boxe s brožovanou prílohou 
500 |a Opera o 2 dějstvích 
650 0 7 |a opery  |2 SNKPH  |9 3214 
650 0 7 |a Opers  |2 SNKPHeng  |9 288919 
655 7 |a gramofónové platne  |2 SNKPH  |9 74608 
655 7 |a Gramophone records  |2 SNKPHeng  |9 286457 
700 1 |a Sonnleithner, Joseph  |4 lbt  |9 466716 
700 1 |a Treitschke, Friedrich  |4 lbt  |9 466717 
700 1 |a Laubenthal, Horst  |4 sng  |9 466718 
700 1 |a Donath, Helen  |4 sng  |9 466719 
700 1 |a Ridderbusch, Karl  |4 sng  |9 466720 
700 1 |a Dernesch, Helga  |4 sng  |9 466721 
700 1 |a Kélémen, Zoltan  |4 sng  |9 466722 
700 1 |a Vickers, Jon  |4 sng  |9 466723 
700 1 |a Dam, José van  |4 sng  |9 466724 
700 1 |a Hollweg, Werner  |4 sng  |9 466725 
700 1 |a Frese, Siegfried Rudolf  |4 sng  |9 466726 
700 1 |a Karajan, Herbert von,  |d 1908-1989  |4 cnd  |9 227341 
700 1 |a Hagen-Groll, Walter  |4 cnd  |9 466727 
710 2 |a Zbor Nemeckej štátnej opery (Berlín, Nemecko)  |4 prf  |9 466728 
710 2 |a Berliner Philharmoniker (Berlín, Nemecko)  |4 prf  |9 154479 
958 |a OND 
999 |c 731024  |d 732954 
952 |a SNK  |b SNK  |y PREZ  |7 0  |p 17A1418580  |o snkSV 1323 abc  |i snk7091-3/78  |z Súbor 3 platní uložených v boxe s brožovanou prílohou  |0 0  |1 0  |4 0  |d 2021-02-11  |l 0  |r 2026-02-23 22:28:39  |w 2026-02-23